LEADER 01071nam0-22003491i-450- 001 990007827700403321 005 20091112213225.0 020 $b678584 035 $a000782770 035 $aFED01000782770 035 $a(Aleph)000782770FED01 035 $a000782770 100 $a20091112d1967----km-y0itay50------ba 101 0 $aita 102 $aIT 105 $ay---n---001yy 200 1 $a<>riforma tributaria$econsiderazioni sul d.d.l. 24 luglio 1967, n. 4280, anche in riferimento alla legge 27 luglio 1967, n. 685 che approva il programma economico nazional$fCalogero Vinci 210 $aRoma$cBizzarri$d1967 215 $a300 p., [1] c.di tav.$d24 cm 225 1 $a<>quaderni de Il sistema tributario$hSer. 1 676 $a336$v21 676 $a343.04$v11 rid.$zita 700 1$aVinci,$bCalogero$0107166 801 0$aIT$bUNINA$gRICA$2UNIMARC 901 $aBK 912 $a990007827700403321 952 $aH 18$b963$fDSS 952 $a2-76-$bTB$fECA 959 $aDSS 959 $aECA 996 $aRiforma tributaria$9663304 997 $aUNINA LEADER 01073nam 2200349 450 001 9910163192503321 005 20230213224006.0 010 $a1-78289-559-0 035 $a(CKB)3810000000097874 035 $a(MiAaPQ)EBC5625959 035 $a(EXLCZ)993810000000097874 100 $a20190209h19162014 uy 0 101 0 $aeng 135 $aurcnu|||||||| 181 $ctxt$2rdacontent 182 $cc$2rdamedia 183 $acr$2rdacarrier 200 10$aLetters written home from France $ein the first half of 1915 /$fby A. Piatt Andrew 210 1$a[Place of publication not identified] :$cPickle Partners Publishing,$d1916. 210 4$dİ2014 215 $a1 online resource (vi, 173 pages) $cillustrations, maps 606 $aWorld War, 1914-1918$vPersonal narratives 615 0$aWorld War, 1914-1918 676 $a940.481 700 $aAndrew$b A. Piatt$01275623 801 0$bMiAaPQ 801 1$bMiAaPQ 801 2$bMiAaPQ 906 $aBOOK 912 $a9910163192503321 996 $aLetters written home from France$93006200 997 $aUNINA